Beliefs | 12 | 20.83 | 100% | 75% | 33% |
Fine Arts - Classical Music and Opera | 12 | 16.67 | 92% | 58% | 17% |
Fine Arts - Other Fine Arts | 10 | 19.00 | 80% | 60% | 50% |
Fine Arts - Visual Fine Arts | 9 | 21.11 | 100% | 78% | 33% |
Geography | 4 | 20.00 | 100% | 75% | 25% |
History - European History | 10 | 19.00 | 100% | 60% | 30% |
History - Other History | 7 | 18.57 | 100% | 43% | 43% |
History - US History | 9 | 22.22 | 100% | 89% | 33% |
History - World History | 11 | 18.18 | 100% | 46% | 36% |
Literature - American Literature | 12 | 25.83 | 100% | 92% | 67% |
Literature - British Literature | 13 | 20.77 | 100% | 85% | 23% |
Literature - European Literature | 11 | 22.73 | 91% | 91% | 46% |
Literature - World Literature | 10 | 20.00 | 100% | 80% | 20% |
Modern World | 4 | 15.00 | 75% | 50% | 25% |
Other Academic | 5 | 18.00 | 100% | 80% | 0% |
Philosophy | 9 | 22.22 | 100% | 78% | 44% |
Science - Biology | 8 | 16.25 | 100% | 38% | 25% |
Science - Chemistry | 7 | 22.86 | 100% | 100% | 29% |
Science - Earth Science | 2 | 15.00 | 100% | 50% | 0% |
Science - Other Science | 13 | 14.62 | 85% | 62% | 0% |
Science - Physics | 9 | 16.67 | 100% | 56% | 11% |
Social Science | 10 | 17.00 | 90% | 50% | 30% |